| 000 | 00511nam a2200157Ia 4500 | ||
|---|---|---|---|
| 999 |
_c16621 _d16621 |
||
| 082 | _a923.254 SUB-M | ||
| 100 | _aSubramanyam, C.S; | ||
| 245 | 0 | _aM.P.T. Acharya:his life and times:revolutionary trends in the early anti-imperialist movements in South India and Abroad | |
| 260 |
_aMadras _bInstitute of South Indian Studies _c1995 |
||
| 300 | _av, 309p. | ||
| 504 | _aIncludes index | ||
| 650 | _aSocialists - India | ||
| 650 | _aArcharya, M.P.T. - Biography | ||
| 650 | _aPoliticians - India | ||
| 942 | _cBK | ||